000 00668cam a22002293a 4500
001 24535
003 PGUSA
005 20140828083527.0
008 080206s2008||||xxu|||||s|||||000 1 eng d
040 _aPGUSA
_beng
042 _adc
050 4 _aPR
100 1 _aGrier, Sydney C.,
_d1868-1933
245 1 4 _aThe Path to Honour
_h[electronic resource] /
_cSydney C. Grier
260 _bProject Gutenberg,
_c2008
506 _aPublic domain in the USA.
516 _aElectronic text
653 _aIndia -- History -- British occupation, 1765-1947 -- Fiction
830 0 _aProject Gutenberg
_v24535
856 4 0 _uhttp://www.gutenberg.org/ebooks/24535
942 _cEB
999 _c253790
_d253790